000 00722nam a2200289Ia 4500
005 20260324134933.0
008 008 260324s9999 xx 000 0 eng d
020 _a9781315838267
037 _aEBOOK
040 _aCRL
040 _beng
040 _cCRL
041 _2eng
041 _aeng
084 _qCRL
100 _aMerrill Swain; Martin Bygate; Peter Skehan
_91198718
245 0 _aResearching Pedagogic Tasks
245 0 _bSecond Language Learning, Teaching, and Testing
260 _bTaylor and Francis
260 _c2001
365 _a
365 _b265
856 _uhttp://www.taylorfrancis.com/books/9781315838267
942 _cEBOOK
999 _c1799296
_d1799296